000 00216 a2200097 4500
001 29741
100 _aA S M
245 _aSource book on materials selection (Vol-II)
260 _a
_bA S M
_c
090 _c19759
_d19759
942 _aNUST-CAE
_cM
_c10845
999 _c264814
_d264814